00489nam a2200181Ia 4500003000400000005001700004006001900021007000300040008004100043024001000084037001200094040002000106041001300126082001700139100002000156245012200176260000900298OSt20220928144920.0a|||||r|||| 00| 0 ta220927b |||||||| |||| 00| 0 eng d a77135 cTextual aSDCLcSDCLbeng 2engaeng aO-,2M56w, K9 aChappelow Allan 0aShaw- The Chaucker-out A biographical exposition and critique and a companion to and commentary on Shaw the Villager. c1969